| 000 | 00989cam a22003257a 4500 | ||
|---|---|---|---|
| 003 | CHAP | ||
| 005 | 20220329135350.0 | ||
| 008 | 971013s1977 r 00010 d | ||
| 010 | _a35113 | ||
| 011 | _a36085 | ||
| 035 | _a40204 | ||
| 040 | _cCHAP | ||
| 090 | _aFolleto 6649 | ||
| 100 | 0 | 0 |
_aOñate Laborde, Santiago. _983349 |
| 245 | 1 | 3 | _aEl Estado y el derecho |
| 260 |
_aMéxico, D. F. : _bANUIS, _c1977 |
||
| 300 | _a128 p. | ||
| 590 |
_aBATCH-UPD _b10 _c20130110 _lUCH01 _h2117 |
||
| 590 |
_aBATCH-UPD _b10 _c20130410 _lUCH01 _h1421 |
||
| 590 |
_aBATCH-UPD _b10 _c20130914 _lUCH01 _h1330 |
||
| 590 |
_aCONVERSION _b10 _c20130109 _lUCH01 _h1320 |
||
| 650 | 1 | 4 |
_aDerecho _931861 |
| 650 | 1 | 4 |
_aEstado, El. _938240 |
| 700 | 0 |
_aPantoja Morán, David. _985140 |
|
| 901 | _aBK | ||
| 942 | _cFOLL | ||
| 949 |
_aFolleto 6649 _bBC _cFOLL _d-91799 _eTS1 _i40204 _si |
||
| 949 |
_aFolleto 6649 _bBC _cFOLL _d-91800 _eTS2 _fc.2 _i40204 _si |
||
| 949 |
_aFolleto 6649 _bBC _cFOLL _d-91802 _eTS2 _fc.3 _i40204 _si |
||
| 999 |
_c35113 _d35113 |
||